00597nam a2200109Ia 4500008004100000245001900041300026900060650001600329856005100345999001900396952007200415170517s9999 xx 000 0 und d aUnder Our Skin aIn the 1970s, a mysterious and deadly illness began infecting children in a small town in Connecticut. Today it's a global epidemic. A real-life thriller, this shocking festival hit exposes the controversy surrounding chronic Lyme disease. Following the stories... xTechnology. uhttp://topdocumentaryfilms.com/under-our-skin/ c335136d335136 001040aCLbCLd2017-05-17l0r2017-05-17 00:00:00w2017-05-17yDF